000 01145nam a2200265 a 4500
008 120416s1982 ||||||||||||||||| || u
020 _a0444420568
050 _aHD 108.6 Onr
100 _aBennett, David, 1935-
245 1 0 _aOn rational grounds
_cedited by David Bennett
246 _asystems analysis in catchment land use planning
260 _aAmsterdam
_bElsevier Pub
_c1982
300 _axxxii, 362p. : ill.
350 _a0.00
490 _aDevelopments in landscape management and urban planning
490 _v4
500 _aOne col. map folded in pocket. -Includes bibliographies and indexes.
650 _aSYSTEMS ANALYSIS
650 _aPLANNING
650 _aLand use--Planning--Mathematical models
650 _aWATERSHED MANAGEMENT--PLANNING--MATHEMATICAL MODELS
700 _aThomas, John F
995 _D0.00
_FCBU-MAIN LIBRARY (Kitwe)
_H1
_I51.75
_M1
_UAVAILABLE
_ZMain Library Open Access Collection
995 _D0.00
_FCBU-MAIN LIBRARY (Kitwe)
_H2
_I51.75
_M2
_UAVAILABLE
_ZAnnex Low-Usage Collection
999 _c81554
_d81554